Clickable Country Couples Quiz Stats

 Plays Quiz Updated Jul 12, 2018

Challenge
Share
Tweet
Embed
Score 0/20 Timer 03:00
0 Plays Today
% Correct
China
85.2%
Afghanistan
79%
Iceland
78.8%
India
78.7%
Pakistan
77.6%
Haiti
77.1%
Dominican Republic
75.1%
Finland
63.6%
Cyprus
62.8%
Gabon
60.2%
% Correct
Djibouti
55.4%
Singapore
54%
Liechtenstein
53.9%
Cameroon
52.5%
Norway
43.8%
Kosovo
42.3%
Chile
39.1%
Kenya
37.7%
Uzbekistan
35.2%
eSwatini
23.6%

You're not logged in!

Compare scores with friends on all Sporcle quizzes.
OR
Log In

You Might Also Like...

Show Comments

Extras

Top Quizzes Today


Score Distribution

Your Account Isn't Verified!

In order to create a playlist on Sporcle, you need to verify the email address you used during registration. Go to your Sporcle Settings to finish the process.

Report this User

Report this user for behavior that violates our Community Guidelines.

Details: